LEADER 01141nam0-22003851i-450 001 990001807900403321 005 20200624084023.0 035 $a000180790 035 $aFED01000180790 035 $a(Aleph)000180790FED01 035 $a000180790 100 $a20030910d1997----km-y0itay50------ba 101 0 $aita 102 $aIT 105 $aa 001yy 200 1 $a<>Museo zoologico di Napoli$fGiovanni Scillitani, Orfeo Picariello, Nicola Maio 210 $aNapoli$cUniversità degli Studi di Napoli Federico II$d1997 215 $a232 p.$cill.$d21 cm 610 0 $aZoologia$aMusei 676 $a590.742 676 $a590.744573$v23$zita 700 1$aScillitani,$bGiovanni$040301 701 1$aMaio,$bNicola$040302 701 1$aPicariello,$bOrfeo$079426 801 0$aIT$bUNINA$gRICA$2UNIMARC 901 $aBK 912 $a990001807900403321 952 $a60 590.744 SCIG 1997$b6481$fFAGBC 952 $a61 XIII C.3/61$b6908 (17/04/98)$fDAGEN 952 $aSEZ.NA B 1965$b12318$fFARBC 959 $aDAGEN 959 $aFAGBC 959 $aFARBC 996 $aMuseo zoologico di Napoli$91473926 997 $aUNINA LEADER 03623 am 2200841 n 450 001 9910502599003321 005 20210726 010 $a979-1-03-657743-7 024 7 $a10.4000/books.pup.47308 035 $a(CKB)4100000012052868 035 $a(FrMaCLE)OB-pup-47308 035 $a(oapen)https://directory.doabooks.org/handle/20.500.12854/86481 035 $a(PPN)258323914 035 $a(EXLCZ)994100000012052868 100 $a20211015j|||||||| ||| 0 101 0 $afre 135 $auu||||||m|||| 181 $ctxt$2rdacontent 182 $cc$2rdamedia 183 $acr$2rdacarrier 200 10$aÉvangélismes croisés $eL?entre-deux confessionnel en France et en Italie. XVIe siècle /$fGuillaume Alonge 210 $aAix-en-Provence $cPresses universitaires de Provence$d2021 215 $a1 online resource (158 p.) 225 1 $aLe temps de l?histoire 311 $a979-1-03-200250-6 330 $aQui étaient les évangélistes du XVIe siècle? ? Prélats, poètes, courtisans, prédicateurs, ambassadeurs, condottieri ou théologiens, multiples furent les acteurs de la circulation croisée d?idées religieuses. À l?époque des Guerres d?Italie, de la Réforme protestante et de la diffusion européenne de l?Humanisme, ils propagèrent à travers les Alpes des modèles de réforme de l?Église. Le résultat fut le développement dans l?Europe méditerranéenne, dans le Royaume de France puis dans la péninsule italienne, d?une sensibilité spirituelle à mi-chemin entre Rome et Wittenberg, et d?un langage religieux raffiné ayant pour ambition de renouveler profondément les pratiques et les croyances, tout en sauvegardant l?unité de la Chrétienté occidentale. Le présent ouvrage a pour ambition de faire résonner la voix des différents catholicismes alors en présence et de mieux cerner les réponses réformatrices formulées par chacun d?entre eux face à la crise de l?institution ecclésiastique. Ce sera l?occasion de revenir sur un concept ? celui de l?évangélisme ? contesté par une partie de l?historiographie mais toujours utile, et au fond incontournable pour les chercheurs, toutes disciplines confondues, de la littérature à l?histoire politique. On pourra ainsi mesurer le bouillonnement majeur que connaît le camp catholique face à la fracture confessionnelle. 606 $aHistory 606 $aFrance 606 $aItalie 606 $apoète 606 $aprélat 606 $aréforme 606 $aévangélisme 606 $aambassadeur 606 $acourtisan 606 $aévangéliste 606 $aprédicateur 606 $athéologien 606 $aXVIème 606 $acatholicisme 610 $aFrance 610 $aItalie 610 $apoète 610 $aprélat 610 $aréforme 610 $aévangélisme 610 $aambassadeur 610 $acourtisan 610 $aévangéliste 610 $aprédicateur 610 $athéologien 610 $aXVIème 610 $acatholicisme 615 4$aHistory 615 4$aFrance 615 4$aItalie 615 4$apoète 615 4$aprélat 615 4$aréforme 615 4$aévangélisme 615 4$aambassadeur 615 4$acourtisan 615 4$aévangéliste 615 4$aprédicateur 615 4$athéologien 615 4$aXVIème 615 4$acatholicisme 700 $aAlonge$b Guillaume$0743509 801 0$bFR-FrMaCLE 906 $aBOOK 912 $a9910502599003321 996 $aÉvangélismes croisés$93034175 997 $aUNINA